000 00752nam a2200241Ia 4500
003 OSt
005 20220918164748.0
006 a|||||r|||| 00| 0
007 ta
008 220917b |||||||| |||| 00| 0 eng d
020 _a0745624847 (hbk)
024 _a188,417
037 _cTextual
040 _aARTS
_cARTS
_beng
041 _2eng
_aeng
082 _aR2:(Y)v, P0
100 _aPeter Burke
_920519
245 0 _aSocial history of knowledge from Gutenberg to Diderot
_b based on the first series of Vonhoff Lectures given at the University of Groningen (Netherlands)
260 _aCambridge
_bPolity press
_c2000
300 _avii, 268 p.
_ccm.
942 _hR2:(Y)v, P0
_cTEXL
_2CC
999 _c126389
_d126389